Reconsidering Constitutional Formation II Decisive Constitutional Normativity: From Old Liberties to New Precedence (Record no. 26034)

MARC details
000 -LEADER
fixed length control field 01132nam a2200133Ia 4500
008 - FIXED-LENGTH DATA ELEMENTS--GENERAL INFORMATION
fixed length control field 220620s9999||||xx |||||||||||||| ||und||
022 ## - INTERNATIONAL STANDARD SERIAL NUMBER
International Standard Serial Number 2198-9842
100 ## - MAIN ENTRY--PERSONAL NAME
Personal name Ulrike Müßig
245 #0 - TITLE STATEMENT
Title Reconsidering Constitutional Formation II Decisive Constitutional Normativity: From Old Liberties to New Precedence
546 ## - LANGUAGE NOTE
Language note English[eng]
650 ## - SUBJECT ADDED ENTRY--TOPICAL TERM
Topical term or geographic name entry element Normativity and Constitution||Hans Kelsen and Adolf Julius Merkl||Fundamental Laws||Constitutional History of Europe||Constituent Power and Constitutionalism in 19th Century Norway||Old Liberties in European History||Spirit of the Albertine Statute||American Constitutional History||Belgian Constitution of 1831||Constitutional Precedence of the 3 May System||Normativity and Precedence||Unconstitutionality of Statutes||Precedence of Constitution||Constitutional Normativity||1815 Constitution of the Kingdom of Poland||1815 Constitution of the United Kingdom of the Netherlands||Judicial Review||Constitutional Precedence and Polish Substantial Criminal Law||Constitutionality of Revolutions
856 ## - ELECTRONIC LOCATION AND ACCESS
Uniform Resource Identifier <a href="https://link.springer.com/book/10.1007/978-3-319-73037-0">https://link.springer.com/book/10.1007/978-3-319-73037-0</a>
942 ## - ADDED ENTRY ELEMENTS (KOHA)
Koha item type E-Books
Holdings
Withdrawn status Lost status Damaged status Not for loan Home library Current library Date acquired Total Checkouts Date last seen Price effective from Koha item type
        Kerala University of Digital Sciences, Innovation and Technology Knowledge Centre Kerala University of Digital Sciences, Innovation and Technology Knowledge Centre 20/06/2022   20/06/2022 20/06/2022 E-Books